000 00893nam0a2200253 4500
001 RU\NLR\ONL1\21468
005 20260406012145.0
035 _a(NLR Aleph) 010207191
090 _a10257794
_c10257794
100 _a20121219d1969 |||y0rusy50 ca
101 0 _apem
102 _aRU
105 _ac |||||||||
200 1 _aБöрйöм произведеннеэз
_fПитю Оньо (А. Зубов)
_g[послесл. С. Караваева]
210 _aКудымкар
_cКоми-Перм. отд-ние
_d1969
215 _a55 с.
_cпортр.
_d14
541 1 _aИзбранные произведения
_zrus
686 1 _aШ6(2=Ко)7-5
700 1 _8rus
_7ca
_aЗубов
_bА. Н.
_f1900-
_gАндрей Никифорович
_3RU\NLR\auth\77117662
_9100587
801 0 _aRU
_bNLR
_c20121219
_gPSBO
852 _aNLR
_bОНЛ
_jКоми-п./1-367
942 _cBOOK
980 _aNB